[Event "IND-ch U15 Girls 39th"]
[Site "Jalgaon"]
[Date "2023.12.30"]
[Round "5"]
[White "Sneha, Halder"]
[Black "Krishika, Garg"]
[Result "1-0"]
[WhiteElo "1766"]
[BlackElo "1529"]
[PlyCount "133"]
[EventDate "2023.12.27"]
[EventType "swiss"]
[EventRounds "11"]
[EventCountry "IND"]
[SourceTitle "CB02_2024"]
[SourceDate "2024.01.10"]
[SourceVersion "1"]
[SourceVersionDate "2024.01.10"]
[SourceQuality "1"]

1. g3 Nf6 2. Bg2 d5 3. Nf3 Bg4 4. 0-0 Nbd7 5. d3 e5 6. Nc3 c6 7. Bg5 Qc7 8. a3 Be7 9. h3 Bh5 10. Qd2 h6 11. Bxf6 Nxf6 12. Nh4 0-0 13. Nf5 Bg6 14. Nxe7+ Qxe7 15. e3 Rfe8 16. Rae1 e4 17. d4 Nh7 18. Ne2 Ng5 19. Nf4 Bf5 20. g4 Bh7 21. Qe2 Qd7 22. Rc1 Rac8 23. c4 Ne6 24. Nxe6 Rxe6 25. Rc3 Ree8 26. Rfc1 f5 27. b4 fxg4 28. hxg4 dxc4 29. Rxc4 Bg6 30. Rc5 b6 31. R5c3 Bf7 32. f4 exf3 33. Bxf3 Bd5 34. Bg2 Qd6 35. Qf2 Rcd8 36. Bxd5+ cxd5 37. Rc6 Qe7 38. Rg6 Qxe3 39. Qxe3 Rxe3 40. Rc7 Rf3 41. Rgxg7+ Kf8 42. Kg2 Rf6 43. Rh7 Kg8 44. Rcg7+ Kf8 45. Rxa7 Kg8 46. Kg3 Rc8 47. Rag7+ Kf8 48. Rc7 Rxc7 49. Rxc7 Re6 50. Rd7 Re3+ 51. Kh4 Rxa3 52. Rxd5 Kf7 53. Rb5 Rd3 54. Rxb6 Rxd4 55. Kh5 Ke7 56. b5 Rb4 57. Rb8 Kd7 58. b6 Kc6 59. Rh8 Rb5+ 60. Kh4 Rb1 61. Rxh6+ Kb7 62. Rf6 Rb4 63. Kh5 Rb1 64. g5 Rh1+ 65. Kg6 Rg1 66. Kh6 Rh1+ 67. Kg7 1-0

[Event "Wch U14 Girls"]
[Site "Montesilvano"]
[Date "2023.11.14"]
[Round "2"]
[White "Valente, Sofia"]
[Black "Sneha, Halder"]
[Result "0-1"]
[WhiteElo "1604"]
[BlackElo "1807"]
[PlyCount "58"]
[EventDate "2023.11.13"]
[EventType "swiss"]
[EventRounds "11"]
[EventCountry "ITA"]
[SourceTitle "CB48_2023"]
[SourceDate "2023.11.29"]
[SourceVersion "1"]
[SourceVersionDate "2023.11.29"]
[SourceQuality "1"]

1. d4 c5 2. d5 b5 3. e4 a6 4. c4 bxc4 5. Bxc4 d6 6. Nc3 Nf6 7. Nge2 g6 8. 0-0 Bg7 9. f4 0-0 10. h3 Nbd7 11. Be3 Rb8 12. Rb1 Nb6 13. Bb3 Ne8 14. f5 Nc7 15. fxg6 hxg6 16. Nf4 Nb5 17. Nxb5 axb5 18. h4 Nc4 19. Bxc4 bxc4 20. Qc1 Qd7 21. Qxc4 Rb4 22. Qc2 Ba6 23. Rf3 Rc4 24. Qf2 Rxe4 25. Kh1 Qg4 26. b3 Bf6 27. Rh3 Bd4 28. Rg3 Qxh4+ 29. Nh3 Bxe3 0-1

[Event "Wch U14 Girls"]
[Site "Montesilvano"]
[Date "2023.11.13"]
[Round "1"]
[White "Sneha, Halder"]
[Black "Abou Taam, Fatima"]
[Result "1-0"]
[WhiteElo "1807"]
[BlackElo "1342"]
[PlyCount "61"]
[EventDate "2023.11.13"]
[EventType "swiss"]
[EventRounds "11"]
[EventCountry "ITA"]
[SourceTitle "CB48_2023"]
[SourceDate "2023.11.29"]
[SourceVersion "1"]
[SourceVersionDate "2023.11.29"]
[SourceQuality "1"]

1. Nc3 d5 2. d4 Nf6 3. Bf4 c6 4. e3 Bf5 5. Bd3 Bg6 6. Nge2 e6 7. Qd2 Bb4 8. a3 Ba5 9. h4 Ne4 10. Bxe4 dxe4 11. b4 Bc7 12. h5 Bf5 13. Bxc7 Qxc7 14. Ng3 Nd7 15. Ncxe4 Bxe4 16. Nxe4 Nb6 17. Qd3 0-0-0 18. c4 e5 19. c5 Nd5 20. Nd6+ Rxd6 21. cxd6 Qxd6 22. Qf5+ Kd8 23. dxe5 Qe7 24. Rd1 Kc7 25. e4 g6 26. exd5 cxd5 27. Qf4 Qe6 28. hxg6 fxg6 29. 0-0 g5 30. Qd4 Rf8 31. Qc5+ 1-0

[Event "IND-ch U19 Girls"]
[Site "Ahmedabad"]
[Date "2023.09.28"]
[Round "11"]
[White "Sneha, Halder"]
[Black "Marium, Fatima"]
[Result "1-0"]
[WhiteElo "1835"]
[BlackElo "1715"]
[PlyCount "79"]
[EventDate "2023.09.20"]
[EventType "swiss"]
[EventRounds "11"]
[EventCountry "IND"]
[SourceTitle "EXT 2024"]
[Source "ChessBase"]
[SourceDate "2023.10.10"]
[SourceVersion "1"]
[SourceVersionDate "2023.10.10"]
[SourceQuality "1"]

1. Nf3 Nf6 2. b3 e6 3. Bb2 Be7 4. g3 b6 5. Bg2 Bb7 6. 0-0 c5 7. d3 d5 8. Ne5 Nc6 9. e3 0-0 10. Nxc6 Bxc6 11. f4 Ne8 12. Nc3 b5 13. f5 e5 14. e4 d4 15. Nd5 Bxd5 16. exd5 Qd6 17. Qe2 Nc7 18. Rae1 f6 19. Qh5 Nxd5 20. Re4 Rf7 21. Rh4 h6 22. Qg6 Kf8 23. Bf3 Nc7 24. Bc1 Bd8 25. Bxh6 gxh6 26. Rxh6 Rb8 27. Rh8+ Ke7 28. Rh7 Kd7 29. Qxf7+ Kc8 30. Rg7 a5 31. h4 c4 32. h5 e4 33. Bxe4 cxd3 34. cxd3 Rb6 35. h6 a4 36. h7 a3 37. h8Q b4 38. Rc1 Kb8 39. Rxc7 Rc6 40. Rc8+ 1-0

[Event "IND-ch U19 Girls"]
[Site "Ahmedabad"]
[Date "2023.09.24"]
[Round "6"]
[White "Anishka, Vikram"]
[Black "Sneha, Halder"]
[Result "0-1"]
[WhiteElo "1773"]
[BlackElo "1835"]
[PlyCount "102"]
[EventDate "2023.09.20"]
[EventType "swiss"]
[EventRounds "11"]
[EventCountry "IND"]
[SourceTitle "EXT 2024"]
[Source "ChessBase"]
[SourceDate "2023.10.10"]
[SourceVersion "1"]
[SourceVersionDate "2023.10.10"]
[SourceQuality "1"]

1. d4 c5 2. d5 d6 3. c4 e5 4. e4 Ne7 5. Bd3 g6 6. h4 h5 7. f3 f5 8. g3 Bg7 9. Nc3 0-0 10. Bg5 Bd7 11. exf5 gxf5 12. f4 Qe8 13. Be2 Ng6 14. Nh3 b5 15. cxb5 exf4 16. gxf4 Bxc3+ 17. bxc3 Bxb5 18. Kf2 Bxe2 19. Qxe2 Qxe2+ 20. Kxe2 Nd7 21. c4 Rae8+ 22. Kd3 Re4 23. Rhe1 Rfe8 24. Rxe4 Rxe4 25. Rg1 Kh7 26. Rb1 Rd4+ 27. Ke2 Nb6 28. Bd8 Nxc4 29. Ng5+ Kg8 30. Rb8 Nxf4+ 31. Kf3 Ne5+ 32. Kg3 Kg7 33. Rb7+ Kg6 34. Bf6 Nxd5 35. Bh8 f4+ 36. Kf2 Kf5 37. Nf3 Ra4 38. Bxe5 dxe5 39. Rb2 e4 40. Nh2 Nc3 41. Rb7 Rxa2+ 42. Kg1 Nd5 43. Rf7+ Nf6 44. Rc7 f3 45. Rxc5+ Kf4 46. Rc6 Rg2+ 47. Kh1 Ng4 48. Nxg4 Rxg4 49. Ra6 f2 50. Ra1 Kf3 51. Ra3+ e3 0-1

[Event "IND-ch (Women) 49th"]
[Site "Ahmedabad"]
[Date "2023.07.04"]
[Round "5"]
[White "Sneha, Halder"]
[Black "Jain, Ashita"]
[Result "1-0"]
[WhiteElo "1741"]
[BlackElo "1438"]
[PlyCount "71"]
[EventDate "2023.06.30"]
[EventType "swiss"]
[EventRounds "11"]
[EventCountry "IND"]
[SourceTitle "CBM 215 Extra"]
[Source "ChessBase"]
[SourceDate "2023.09.30"]
[SourceVersion "1"]
[SourceVersionDate "2023.09.30"]
[SourceQuality "1"]

1. c4 e6 2. g3 d5 3. Bg2 Nf6 4. Nf3 Be7 5. d4 0-0 6. b3 c6 7. 0-0 b6 8. Nbd2 Bb7 9. Bb2 Na6 10. Rc1 c5 11. dxc5 bxc5 12. Ne5 Rb8 13. e3 Nb4 14. a3 Nc6 15. cxd5 exd5 16. b4 Nd7 17. Nd3 Ba6 18. Nb3 c4 19. Bxd5 cxd3 20. Rxc6 Nb6 21. Qg4 Bf6 22. Bxf6 Qxf6 23. Rxf6 Bc8 24. Qf4 Nxd5 25. Qxb8 Nxf6 26. Qxa7 Bg4 27. f3 Be6 28. Nc5 Bc4 29. Rd1 Nd5 30. Nxd3 Nc3 31. Rd2 Nb1 32. Rb2 Bxd3 33. Rxb1 Bxb1 34. b5 Bd3 35. b6 Rc8 36. b7 1-0

[Event "Bhubaneswar op-A 14th"]
[Site "Bhubaneswar"]
[Date "2023.06.12"]
[Round "2"]
[White "Aleksandrov, Aleksej"]
[Black "Sneha, Halder"]
[Result "1-0"]
[WhiteElo "2461"]
[BlackElo "1807"]
[PlyCount "71"]
[EventDate "2023.06.11"]
[EventType "swiss"]
[EventRounds "10"]
[EventCountry "IND"]
[SourceTitle "CBM 214 Extra"]
[Source "ChessBase"]
[SourceDate "2023.07.31"]
[SourceVersion "1"]
[SourceVersionDate "2023.07.31"]
[SourceQuality "1"]

1. d4 d5 2. c4 c6 3. Nf3 Nf6 4. e3 Bf5 5. Nc3 e6 6. Nh4 Bg6 7. Bd2 Nbd7 8. Qb3 Qc8 9. Rc1 Be7 10. Nxg6 hxg6 11. Bd3 Nb6 12. cxd5 exd5 13. a4 Qb8 14. g3 0-0 15. f3 Re8 16. a5 Nbd7 17. 0-0 Bd6 18. Kg2 b6 19. a6 Nf8 20. e4 dxe4 21. fxe4 Qd8 22. Rf3 Ne6 23. Ne2 Bf8 24. e5 Nd7 25. Rxc6 Rc8 26. Rxc8 Qxc8 27. Be3 Nb8 28. Qc4 Qd7 29. d5 Nd8 30. e6 Qe7 31. Nd4 Qc5 32. Bf4 Nxa6 33. Qa4 Re7 34. Bxa6 Qxd5 35. exf7+ Nxf7 36. Bc4 1-0

[Event "Vrindavana MMT op"]
[Site "Mathura"]
[Date "2023.04.26"]
[Round "8"]
[White "Mraduhas, Tripathi"]
[Black "Sneha, Halder"]
[Result "1-0"]
[WhiteElo "1589"]
[BlackElo "1912"]
[PlyCount "91"]
[EventDate "2023.04.23"]
[EventType "swiss"]
[EventRounds "9"]
[EventCountry "IND"]
[SourceTitle "CBM 213 Extra"]
[Source "ChessBase"]
[SourceDate "2023.05.31"]
[SourceVersion "1"]
[SourceVersionDate "2023.05.31"]
[SourceQuality "1"]

1. e4 g6 2. d4 Bg7 3. Nf3 b6 4. Bd3 Bb7 5. 0-0 d6 6. Re1 e6 7. Bf4 Ne7 8. Qd2 h6 9. h3 Nbc6 10. c3 Qd7 11. a4 0-0-0 12. Qe2 e5 13. Be3 f5 14. d5 fxe4 15. Bxe4 Nb8 16. Rd1 Nf5 17. a5 Nxe3 18. Qxe3 g5 19. axb6 axb6 20. Na3 Rhf8 21. Nh2 Rf4 22. f3 h5 23. Nc2 Rdf8 24. Ra7 g4 25. hxg4 hxg4 26. Nxg4 Rxg4 27. fxg4 Qxg4 28. Bf3 Qg3 29. Be4 Qg4 30. Qh3 Qxh3 31. gxh3 Na6 32. Bd3 Nc5 33. Bb5 Kb8 34. Ra3 Kc8 35. Bc6 Bxc6 36. dxc6 Kd8 37. Ra8+ Ke7 38. Rxf8 Bxf8 39. c4 e4 40. Ne3 Nd3 41. Nd5+ Kd8 42. Ra1 Ke8 43. Nxc7+ Ke7 44. Nd5+ Ke6 45. c7 Kd7 46. Ra8 1-0

[Event "IND-ch U13 Girls 35th"]
[Site "Puducherry"]
[Date "2022.12.16"]
[Round "9"]
[White "Aadya, Gupta"]
[Black "Sneha, Halder"]
[Result "1/2-1/2"]
[WhiteElo "1350"]
[BlackElo "1613"]
[PlyCount "62"]
[EventDate "2022.12.11"]
[EventType "swiss"]
[EventRounds "11"]
[EventCountry "IND"]
[SourceTitle "EXT 2024"]
[Source "ChessBase"]
[SourceDate "2023.10.10"]
[SourceVersion "1"]
[SourceVersionDate "2023.10.10"]
[SourceQuality "1"]

1. d4 Nf6 2. c4 e6 3. a3 d5 4. Nc3 c6 5. cxd5 exd5 6. Nf3 Bd6 7. Bg5 0-0 8. e3 Bf5 9. Bd3 Bxd3 10. Qxd3 Nbd7 11. 0-0 Re8 12. Rac1 Qb6 13. Qc2 Ne4 14. Nxe4 Rxe4 15. Bh4 Nf8 16. Bg3 Bxg3 17. hxg3 Re6 18. g4 Ng6 19. g3 Qd8 20. Kg2 Re4 21. g5 f6 22. gxf6 Qxf6 23. Rh1 Rf8 24. Qe2 Re7 25. Rcf1 Qf5 26. Nd2 Qf7 27. Qe1 Qf5 28. Qe2 Qf7 29. Qe1 Qf5 30. Qe2 Qf7 31. Qe1 Qf5 1/2-1/2

[Event "IND-ch U13 Girls 35th"]
[Site "Puducherry"]
[Date "2022.12.12"]
[Round "3"]
[White "Sneha, Halder"]
[Black "Lakshana, Subramanian"]
[Result "1-0"]
[WhiteElo "1613"]
[BlackElo "1342"]
[PlyCount "101"]
[EventDate "2022.12.11"]
[EventType "swiss"]
[EventRounds "11"]
[EventCountry "IND"]
[SourceTitle "EXT 2024"]
[Source "ChessBase"]
[SourceDate "2023.10.10"]
[SourceVersion "1"]
[SourceVersionDate "2023.10.10"]
[SourceQuality "1"]

1. d4 Nf6 2. c4 g6 3. Nc3 Bg7 4. e4 d6 5. f4 0-0 6. Nf3 c5 7. d5 a6 8. Bd3 e6 9. a4 exd5 10. cxd5 Re8 11. 0-0 c4 12. Bc2 Qb6+ 13. Kh1 Ng4 14. Qe2 Qc5 15. h3 Nf6 16. Be3 Qc7 17. Kh2 Nbd7 18. Nd2 Nc5 19. Qxc4 Qe7 20. Rae1 Nh5 21. b4 Nd7 22. Nf3 Nf8 23. g4 Nf6 24. Bd4 h5 25. g5 Qd7 26. f5 N6h7 27. h4 gxf5 28. exf5 Bxd4 29. Qxd4 Rxe1 30. Rxe1 b5 31. Rg1 Ra7 32. Ne4 Rc7 33. Nf6+ Nxf6 34. gxf6+ Kh8 35. Qd2 Rxc2 36. Qxc2 Qxf5 37. Qxf5 Bxf5 38. Ng5 Bg6 39. axb5 axb5 40. Ra1 Kg8 41. Ra6 Bf5 42. Rxd6 Bd7 43. Rb6 Be8 44. Rb8 Bd7 45. Kg3 Bf5 46. Kf4 Bd7 47. Ke5 Bg4 48. Kd6 Bf5 49. Ke7 Bc8 50. Rxc8 Kh8 51. Rxf8# 1-0

[Event "IND-ch U15 Girls 38th"]
[Site "New Delhi"]
[Date "2022.11.29"]
[Round "2"]
[White "Sneha, Halder"]
[Black "Aadya, Gupta"]
[Result "1-0"]
[WhiteElo "1628"]
[BlackElo "1350"]
[PlyCount "69"]
[EventDate "2022.11.28"]
[EventType "swiss"]
[EventRounds "11"]
[EventCountry "IND"]
[SourceTitle "CBM 211 Extra"]
[Source "ChessBase"]
[SourceDate "2023.01.31"]
[SourceVersion "1"]
[SourceVersionDate "2023.01.31"]
[SourceQuality "1"]

1. g3 d5 2. f4 Nf6 3. Bg2 c5 4. e3 Nc6 5. Nf3 Bg4 6. h3 Bxf3 7. Qxf3 e5 8. d3 Qd7 9. b3 Rd8 10. Bb2 Bd6 11. 0-0 0-0 12. Nd2 Rfe8 13. a3 Qe7 14. Rae1 a6 15. g4 e4 16. Qf2 exd3 17. cxd3 c4 18. g5 Nd7 19. b4 cxd3 20. Bxd5 a5 21. b5 Na7 22. a4 Nc5 23. Qh4 Bc7 24. Bf3 Qe6 25. Bd4 b6 26. Kh1 Qa2 27. Rd1 Nc8 28. Bc6 Rf8 29. Ne4 Nxe4 30. Bxe4 g6 31. Bf6 Nd6 32. Qh6 Ne8 33. Bc6 Qxa4 34. Bxe8 Qe4+ 35. Kh2 1-0

[Event "Agartala Tripura Dutta Memorial 2nd"]
[Site "Agartala Tripura"]
[Date "2022.08.17"]
[Round "9"]
[White "Sneha, Halder"]
[Black "Soureen, Bhattacharya"]
[Result "1-0"]
[WhiteElo "1746"]
[BlackElo "1554"]
[PlyCount "47"]
[EventDate "2022.08.13"]
[EventType "swiss"]
[EventRounds "10"]
[EventCountry "IND"]
[SourceTitle "EXT 2023"]
[Source "ChessBase"]
[SourceDate "2022.10.05"]
[SourceVersion "1"]
[SourceVersionDate "2022.10.05"]
[SourceQuality "1"]

1. c4 Nf6 2. g3 g6 3. Bg2 Bg7 4. e4 d6 5. d4 0-0 6. Ne2 e5 7. d5 Ne8 8. Nbc3 f5 9. 0-0 Nf6 10. f4 exf4 11. Nxf4 Na6 12. exf5 Bxf5 13. Nce2 Nd7 14. Nd4 Bxd4+ 15. Qxd4 Ne5 16. Bd2 Qe7 17. Rae1 Rae8 18. b4 Qd7 19. Ne6 Rf7 20. Bc3 Qa4 21. Rxe5 c5 22. bxc5 dxc5 23. Nxc5 Rxe5 24. Qxe5 1-0

[Event "IND-ch U17 Girls"]
[Site "Bhubaneswar"]
[Date "2022.07.08"]
[Round "10"]
[White "Rakshitta, Ravi"]
[Black "Sneha, Halder"]
[Result "0-1"]
[WhiteElo "2185"]
[BlackElo "1601"]
[PlyCount "104"]
[EventDate "2022.07.01"]
[EventType "swiss"]
[EventRounds "11"]
[EventCountry "IND"]
[SourceTitle "EXT 2023"]
[Source "ChessBase"]
[SourceDate "2022.10.05"]
[SourceVersion "1"]
[SourceVersionDate "2022.10.05"]
[SourceQuality "1"]

1. e4 d5 2. exd5 Qxd5 3. Nc3 Qd8 4. d4 Nf6 5. Nf3 Bg4 6. Be2 e6 7. h3 Bxf3 8. Bxf3 c6 9. 0-0 Be7 10. Re1 Nbd7 11. Ne2 0-0 12. Nf4 Nb6 13. c3 Nfd5 14. Nd3 Bg5 15. Qe2 Bxc1 16. Raxc1 Qg5 17. Qe5 Qxe5 18. dxe5 Rfd8 19. Red1 Ne7 20. Nc5 Nc4 21. Nxb7 Rdb8 22. Rd7 Ng6 23. Be2 Nb6 24. Rc7 Nd5 25. Rxc6 Rxb7 26. b4 Nxe5 27. Rc5 Rc7 28. Rxc7 Nxc7 29. f4 Nd7 30. c4 Rd8 31. c5 Nf6 32. b5 Nfd5 33. b6 Ne8 34. b7 Kf8 35. f5 Ke7 36. fxe6 fxe6 37. a4 a5 38. c6 Kd6 39. Bb5 Kc7 40. Re1 Kd6 41. Rc1 Nec7 42. Rf1 Kc5 43. Rf7 Nxb5 44. axb5 Kb6 45. Rxg7 a4 46. Rxh7 a3 47. Rh4 Kxb5 48. Rd4 a2 49. c7 a1Q+ 50. Kh2 Nxc7 51. Rxd8 Qe5+ 52. Kh1 Na6 0-1

[Event "IND-ch U17 Girls"]
[Site "Bhubaneswar"]
[Date "2022.07.04"]
[Round "6"]
[White "Kheerthi, Ganta"]
[Black "Sneha, Halder"]
[Result "1/2-1/2"]
[WhiteElo "1765"]
[BlackElo "1601"]
[PlyCount "86"]
[EventDate "2022.07.01"]
[EventType "swiss"]
[EventRounds "11"]
[EventCountry "IND"]
[SourceTitle "EXT 2023"]
[Source "ChessBase"]
[SourceDate "2022.10.05"]
[SourceVersion "1"]
[SourceVersionDate "2022.10.05"]
[SourceQuality "1"]

1. d4 d5 2. c4 c6 3. Nf3 Nf6 4. Nc3 e6 5. e3 Bb4 6. Qc2 Ne4 7. Bd3 f5 8. Ne5 Nd7 9. Nxd7 Bxd7 10. 0-0 Nxc3 11. bxc3 Bd6 12. cxd5 cxd5 13. c4 Rc8 14. Qb3 Bxh2+ 15. Kxh2 Qc7+ 16. Kg1 dxc4 17. Bxc4 Qxc4 18. Qxb7 Qa4 19. Bd2 0-0 20. Rfc1 Bc6 21. Qb4 Qxb4 22. Bxb4 Rfd8 23. Rc5 Rd5 24. Rc4 a5 25. Ba3 Bb7 26. Bc5 Rd7 27. Rb1 Ra8 28. Rb5 a4 29. Rbb4 Bc6 30. Bb6 Bd5 31. Rc2 Rb7 32. a3 Rab8 33. Bc5 Rc8 34. Rxb7 Bxb7 35. Rb2 Bd5 36. Rb4 Ra8 37. f3 g5 38. Kf2 h5 39. Rb1 Kf7 40. Ke2 g4 41. Kf2 Kg6 42. Kg3 Rh8 43. Rh1 h4+ 1/2-1/2

[Event "IND-ch U14 Girls 34th"]
[Site "Ahmedabad"]
[Date "2022.05.12"]
[Round "8"]
[White "Sneha, Halder"]
[Black "Rajanya, Datta"]
[Result "0-1"]
[WhiteElo "1557"]
[BlackElo "1589"]
[PlyCount "78"]
[EventDate "2022.05.09"]
[EventType "swiss"]
[EventRounds "11"]
[EventCountry "IND"]
[SourceTitle "EXT 2023"]
[Source "ChessBase"]
[SourceDate "2022.10.05"]
[SourceVersion "1"]
[SourceVersionDate "2022.10.05"]
[SourceQuality "1"]

1. b3 d5 2. Bb2 Nf6 3. g3 Bf5 4. Nf3 h6 5. Bg2 Nbd7 6. d3 e6 7. Nbd2 Be7 8. e3 0-0 9. Qe2 Bh7 10. h4 c5 11. e4 dxe4 12. dxe4 Qc7 13. Ng5 Bg6 14. Nh3 Bh5 15. Bf3 Bxf3 16. Qxf3 b5 17. g4 Ne5 18. Qg3 Nfxg4 19. f4 Ng6 20. Qxg4 Bxh4+ 21. Ke2 c4 22. bxc4 bxc4 23. Bc3 Qe7 24. Ng1 Qa3 25. Nb1 Qa4 26. Kd2 Rfd8+ 27. Kc1 Be7 28. a3 e5 29. Nf3 Nxf4 30. Nxe5 Bg5 31. Nd2 f6 32. Nexc4 Rac8 33. Bb4 a5 34. Bd6 Rxc4 35. Nxc4 Nd3+ 36. Kb1 Rb8+ 37. Bb4 Rxb4+ 38. axb4 Qxb4+ 39. Ka2 Qxc4+ 0-1

[Event "IND-ch U14 Girls 34th"]
[Site "Ahmedabad"]
[Date "2022.05.11"]
[Round "5"]
[White "Rout, Yashita"]
[Black "Sneha, Halder"]
[Result "1/2-1/2"]
[WhiteElo "1718"]
[BlackElo "1557"]
[PlyCount "100"]
[EventDate "2022.05.09"]
[EventType "swiss"]
[EventRounds "11"]
[EventCountry "IND"]
[SourceTitle "EXT 2023"]
[Source "ChessBase"]
[SourceDate "2022.10.05"]
[SourceVersion "1"]
[SourceVersionDate "2022.10.05"]
[SourceQuality "1"]

1. e4 e6 2. d4 d5 3. Nd2 Nf6 4. e5 Nfd7 5. Bd3 c5 6. c3 Nc6 7. Ne2 Qb6 8. Nf3 cxd4 9. cxd4 Bb4+ 10. Bd2 Bxd2+ 11. Qxd2 Qb4 12. a3 Qxd2+ 13. Nxd2 f6 14. f4 fxe5 15. fxe5 0-0 16. Rc1 Nb6 17. Nf3 Bd7 18. 0-0 Na5 19. Nd2 Rxf1+ 20. Kxf1 Rc8 21. Rxc8+ Bxc8 22. b3 Nc6 23. Kf2 g6 24. Ke3 Kf7 25. Nf4 Ne7 26. Nf3 h6 27. g4 Nd7 28. Kd2 Nf8 29. Kc3 Bd7 30. h4 Kg7 31. Kb4 b6 32. Kc3 Be8 33. Kd2 Nc6 34. Kc3 Ne7 35. Kd2 Nc6 36. Ne2 a5 37. Ke3 Na7 38. Nc3 Bd7 39. Nd2 Kf7 40. Nf1 Bc6 41. Ng3 Be8 42. Nge2 g5 43. hxg5 hxg5 44. Ng1 Kg7 45. Nf3 Kh6 46. Nd1 Bg6 47. Nf2 Bxd3 48. Kxd3 Ng6 49. Nh3 Nb5 50. a4 Na7 1/2-1/2

[Event "IND-ch U14 Girls 34th"]
[Site "Ahmedabad"]
[Date "2022.05.10"]
[Round "4"]
[White "Sneha, Halder"]
[Black "Mrittika, Mallick"]
[Result "1/2-1/2"]
[WhiteElo "1557"]
[BlackElo "1982"]
[PlyCount "70"]
[EventDate "2022.05.09"]
[EventType "swiss"]
[EventRounds "11"]
[EventCountry "IND"]
[SourceTitle "EXT 2023"]
[Source "ChessBase"]
[SourceDate "2022.10.05"]
[SourceVersion "1"]
[SourceVersionDate "2022.10.05"]
[SourceQuality "1"]

1. b3 d5 2. Bb2 Bf5 3. Nf3 e6 4. g3 Nf6 5. Nh4 Be4 6. Bg2 Be7 7. d3 Bxg2 8. Nxg2 c5 9. Nd2 Nc6 10. e4 0-0 11. 0-0 b5 12. a4 a6 13. exd5 exd5 14. Ne3 Qd7 15. Qf3 Nd4 16. Bxd4 cxd4 17. Nf5 Bb4 18. Nb1 Bc5 19. Qf4 Rac8 20. Nxg7 Qg4 21. Qxf6 Qxg7 22. Qxa6 bxa4 23. Rxa4 Rfe8 24. Qb7 Qe5 25. Qd7 Bf8 26. Ra7 Qe6 27. Qxe6 fxe6 28. Ra2 Bb4 29. Rd1 e5 30. f3 Rc6 31. Ra4 Rb8 32. Na3 Bxa3 33. Rxa3 Rxc2 34. Re1 Rd2 35. Rxe5 Rc8 1/2-1/2

[Event "Wch U10 Girls"]
[Site "Weifang"]
[Date "2019.08.23"]
[Round "3"]
[White "Feng, Eunice"]
[Black "Sneha, Halder"]
[Result "1-0"]
[WhiteElo "1280"]
[BlackElo "1561"]
[PlyCount "113"]
[EventDate "2019.08.21"]
[EventType "swiss"]
[EventRounds "11"]
[EventCountry "CHN"]
[SourceTitle "EXT 2020"]
[Source "ChessBase"]
[SourceDate "2019.10.17"]
[SourceVersion "1"]
[SourceVersionDate "2019.10.17"]
[SourceQuality "1"]

1. e4 d5 2. exd5 Qxd5 3. Nc3 Qa5 4. d4 Nf6 5. Nf3 c6 6. Be2 Bf5 7. 0-0 e6 8. Bf4 Nbd7 9. a3 Nd5 10. Nxd5 cxd5 11. c3 Qb6 12. b3 Bd6 13. Bxd6 Qxd6 14. c4 0-0 15. c5 Qc7 16. b4 a5 17. Nh4 Bg6 18. Nxg6 hxg6 19. Qd2 Rfe8 20. f4 Ra7 21. g3 Nf6 22. Qb2 Ne4 23. b5 b6 24. c6 g5 25. Bd3 gxf4 26. Rxf4 e5 27. dxe5 Nc5 28. Bf1 Qxe5 29. Qxe5 Rxe5 30. Rd1 Ne6 31. Rf2 Ra8 32. Re2 Rxe2 33. Bxe2 Rd8 34. Bg4 Nc7 35. a4 Re8 36. Bf3 Re5 37. Kf2 Kf8 38. Rd3 Ke7 39. Re3 f6 40. Ke2 Kd6 41. Kd3 Ne6 42. Bd1 d4 43. Re2 Nc5+ 44. Kd2 Ne4+ 45. Kd3 Nc5+ 46. Kd2 d3 47. Rxe5 fxe5 48. Ke3 Kc7 49. h4 Kd6 50. g4 Ke7 51. h5 Kd6 52. g5 Ne6 53. h6 gxh6 54. gxh6 Ng5 55. Kxd3 Nf7 56. h7 e4+ 57. Ke3 1-0